1659 1161 1123 1742 1080 1962 1041 1486 1990 1778 1298 1418 1673 1888 1143 1573 1678 1865 1989 1125 1269 1173 1044 1420 1777 1635 1549 1918 1726 1390 1798 1671 1697 1277 1141 1755 1490 1721 1587 1569 1339 1439 1256 1110 1163 1852 1463 1437 1058 1846 1118 1611 1528 1143 1473 1480 1915 1701 1276 1152 1312 1401 1527 1936 1553 1786 1382 1279 1728 1026 1134 1013 1425 1219 1526 1141 1376 1614 1379 1487 1331 1603 1669 1625 1304 1598 1156 1487 1327 1283 1078 1692 1967 1356 1855 1277 1116 1900 1763 BCNSPRNW ULIB Ver.6.0+V

เปลี่ยนเป็นภาษาไทย

Change to English
 แสดงรายละเอียดบรรณานุกรม
  กลับหน้าหลัก

Brief Record : Get Marc (ISO 2709) : E-mail record : QR code < ปิดหน้าต่าง
LEADER : 00000nam 2200000uu 4500
001    13399112868
003     ULIB
008    110914s2554||||th 000 0 tha d
020    9786165001014
090    นว.^bณ429จ 2554
100 0  ณารา
245 00 เจ้านาง/^cณารา
250    พิมพ์ครั้งที่ 4
260    กรุงเทพฯ :^bพิมพ์คำ,^c2554
300    532 หน้า
945    ^p230^l0^i030501
995    เกษร
999 ^a ใช้งานได้ทุกระบบ
รายการนี้ยังไม่มีแท็ก
คุณยังไม่ได้ล็อกอิน คุณสามารถมีกิจกรรมร่วมกับเว็บไซต์ได้ แต่ต้องล็อกอินก่อน ::
  ล็อกอิน

รายการสื่อสารสนเทศ

ลำดับที่ ประเภท เลขเรียก/บาร์โค้ด สถานที่ สถานะ
1. นวนิยาย
นวนิยาย
นว. ณ429จ 2554  
  Barcode: 030501
ห้องสมุดวิทยาเขตสวรรค์ประชารักษ์
►นวนิยาย
บนชั้น
  ขอยืม

รายการใกล้เคียง
    ผู้แต่ง [ณารา]

BibComment


ยังไม่เคยถูกคอมเมนท์

คอมเมนท์ทรัพยากรรายการนี้
  คอมเมนท์: เจ้านาง ณารา


 Copyright 2026. Bcnsprnw @Library